000
00306cam a2200133 4500
001
L133905
008
060616n2006 000 0 eng u
020
_a
187426628X
035
_a
(Sirsi) u133905
245
_a
Appraisal for existing structures
260
_a
SETO
_c
2006
350
_a
50.00
942
_n
0
999
_c
105503
_d
105503